000 00415nam a2200145Ia 4500
008 220217s9999||||xx |||||||||||||| ||und||
020 _a0-07-040267-1
082 _a658.403 88 DAV
100 _aDavis, Gordon, B Olson, Margrwthe, H
245 0 _aManagement information systems
250 _a2nd
260 _aTata mcgraw hill
_bNew Delhi
_c2003
300 _b195
650 _aMANAGEMENT INFORMATION SYSTEM
999 _c171092
_d171092